000 01266nam a2200265Ia 4500
005 20220317000629.0
008 160601s2003 xx a g 000 0 spa
020 _a9706666338
100 1 _aWilde, Oscar
_d1854-1900
245 1 3 _aEl retrato de Dorian Gray ; El fantasma de Canterville y otros cuentos ; De profundis ; El abanico de Lady Windermere ; La importancia de llamarse Ernesto
_cOscar Wilde ; traducción Consuelo Rutiaga
250 _a1a. edición
300 _a621 páginas
_bilustraciones
_c19 cm
600 1 4 _aWilde, Oscar
_d1854-1900
_xCrítica e interpretación
_99752
650 1 4 _2LEMB
_aCuentos ingleses
_ySiglo XIX
650 1 4 _2LEMB
_aLiteratura inglesa
_ySiglo XIX
700 1 _aRutiaga, Consuelo
_etraductor
_950895
740 _aEl retrato de Dorian Gray;\\
_aLa importancia de llamarse Ernesto;\\
_aEl abanico de Lady Windermere;\\
_aDe profundis;\\
_aEl fantasma de Canterville;\\
_aEl cumpleaños de una infanta;\\
_aEl pescador y su alma;\\
_aEl príncipe feliz;\\
_aEl ru
942 _2loc
_cBKLIT
264 _aMéxico
_bGrupo Editorial Tomo
_c2003
336 _atexto
_btxt
_2rdacontent
337 _asin mediación
_bn
_2rdamedia
338 _avolumen
_bnc
_2rdacarrier
040 _aCO-BoRNBP
_bspa
_erda
_cCO-BoRNBP
084 _aC WIL1
999 _c4601
_d4601